| 000 -LEADER |
| fixed length control field |
01637 a2200265 4500 |
| 003 - CONTROL NUMBER IDENTIFIER |
| control field |
Nust |
| 005 - DATE AND TIME OF LATEST TRANSACTION |
| control field |
20220801134353.0 |
| 010 ## - LIBRARY OF CONGRESS CONTROL NUMBER |
| LC control number |
91035885 |
| 020 ## - INTERNATIONAL STANDARD BOOK NUMBER |
| International Standard Book Number |
0471804576 (v. 2) |
| 020 ## - INTERNATIONAL STANDARD BOOK NUMBER |
| International Standard Book Number |
0471804576 (v. 2) |
| 040 ## - CATALOGING SOURCE |
| Transcribing agency |
Nust |
| 082 00 - DEWEY DECIMAL CLASSIFICATION NUMBER |
| Classification number |
530,RES |
| 100 1# - MAIN ENTRY--PERSONAL NAME |
| Personal name |
Resnick, Robert, |
| 9 (RLIN) |
8684 |
| 245 10 - TITLE STATEMENT |
| Title |
Physics Vol- 1/ |
| Statement of responsibility, etc. |
Robert Resnick, David Halliday, Kenneth S. Krane. |
| 250 ## - EDITION STATEMENT |
| Edition statement |
4th ed. |
| Remainder of edition statement |
Vol- I |
| 260 ## - PUBLICATION, DISTRIBUTION, ETC. |
| Place of publication, distribution, etc. |
New York : |
| Name of publisher, distributor, etc. |
Wiley, |
| Date of publication, distribution, etc. |
c1992. |
| 300 ## - PHYSICAL DESCRIPTION |
| Extent |
2 v. (1020, [34] p.) : |
| Other physical details |
ill. ; |
| Dimensions |
29 cm. |
| 505 ## - FORMATTED CONTENTS NOTE |
| Formatted contents note |
Measurement (Page-1), Motion in one dimension (Page-13), Force and Newton's laws (Page- 41), Motion in two and three dimensions (Page-65), Applications of Newton's law (Page- 89), Momentum (Pag-119), Systems of particles (Pag-139), Rotational kinematics (Page- 159), Rotational dynamics (Page-175), Angular momentum (Page-207),Energy, work and kinetic energy (Page-229), Potential energy (Page-257), Conservation of energy (Page- 279), Gravitation (Page-299), Fluid statics (Page-331), Fluid dynamics (Page-351), Oscillation (Page- 373), Wave motion (Page-401), Sound wave (Page-427), Special theory of relativity (Page- 451), Temperature (Page-479), Molecular properties of gases (Page-497)23.The first law of thermodynamics (Page-517), Entropy and the second law of thermodynamics (Page-545). |
| 650 #0 - SUBJECT ADDED ENTRY--TOPICAL TERM |
| Topical term or geographic name entry element |
Physics. |
| 700 1# - ADDED ENTRY--PERSONAL NAME |
| Personal name |
Halliday, David, |
| Dates associated with a name |
1916- |
| 9 (RLIN) |
19458 |
| 700 1# - ADDED ENTRY--PERSONAL NAME |
| Personal name |
Krane, Kenneth S. |
| 9 (RLIN) |
39001 |
| 856 4# - ELECTRONIC LOCATION AND ACCESS |
| Materials specified |
Publisher description |
| Uniform Resource Identifier |
<a href="http://www.loc.gov/catdir/enhancements/fy0607/91035885-d.html">http://www.loc.gov/catdir/enhancements/fy0607/91035885-d.html</a> |
| 856 4# - ELECTRONIC LOCATION AND ACCESS |
| Materials specified |
Table of Contents only |
| Uniform Resource Identifier |
<a href="http://www.loc.gov/catdir/toc/onix05/91035885.html">http://www.loc.gov/catdir/toc/onix05/91035885.html</a> |
| 942 ## - ADDED ENTRY ELEMENTS (KOHA) |
| Source of classification or shelving scheme |
|
| Koha item type |
Book |